=LDR 00000nam 2200000 4500 =001 INLIS000000000047393 =005 20151029201122.0 =006 =007 =008 =035 ##$$0010-101500000000104 =082 ##$$a 272.360.7 =090 ##$$a 372.360.7 dwi i =100 ##$$a dwi suhartanti =245 ##$$a ilmu pengetahuan alam untuk kls vi sd/mi =260 ##$$a bse =300 ##$$a hln. 154 =850 ##$$a NPBMAT =990 ##$$a 0001/BPAP-NTB/2015